| 000 | 00766na a2200253 4500 | ||
|---|---|---|---|
| 001 | 13828 | ||
| 003 | MIRAKIL | ||
| 005 | 20181213154848.0 | ||
| 008 | 160819b tu 000 0 | ||
| 020 | _a9754580421 | ||
| 035 | _a13828 | ||
| 040 |
_aMilas _btur _cTR-AnCHP |
||
| 082 |
_aATA 923.156 _bÖ92a 1995 |
||
| 090 | _aATA 923.156 Ö92a 1995 | ||
| 100 | _aÖzalp, Kazım | ||
| 245 |
_aAtatürk'ten anılar _cKazım Özalp, Teoman Özalp |
||
| 260 |
_a[y.y.] _bTürkiye iş bankası kültür yayınları _c1995 |
||
| 300 |
_ax, 95 s. _bfotg. _c20 sm. |
||
| 490 |
_aAtatürk dizisi _v29 |
||
| 490 |
_aTürkiye İş Bankası Kültür yayınları _v317 |
||
| 600 |
_aAtatürk, Mustafa Kemal _d1881-1938 _xAnılar |
||
| 700 | _aÖzalp, Teoman | ||
| 942 |
_2dcc _cBKS |
||
| 999 |
_c2168 _d2168 |
||